The McGraw-Hill handbook of more business letters / (Record no. 175858)

MARC details
000 -LEADER
fixed length control field 00849nam a2200241 4500
001 - CONTROL NUMBER
control field vtls001461760
003 - CONTROL NUMBER IDENTIFIER
control field MY-SjTCS
005 - DATE AND TIME OF LATEST TRANSACTION
control field 20200226121049.0
008 - FIXED-LENGTH DATA ELEMENTS--GENERAL INFORMATION
fixed length control field 110218 1999 00 eng
020 ## - INTERNATIONAL STANDARD BOOK NUMBER
International Standard Book Number 0071166718
039 #9 - LEVEL OF BIBLIOGRAPHIC CONTROL AND CODING DETAIL [OBSOLETE]
Level of rules in bibliographic description 201910011812
Level of effort used to assign nonsubject heading access points dianafitri
Level of effort used to assign subject headings 201706091706
Level of effort used to assign classification haizir
Level of effort used to assign subject headings 201102181222
Level of effort used to assign classification VLOAD
Level of effort used to assign subject headings 200811241752
Level of effort used to assign classification VLOAD
-- 200407271858
-- VLOAD
082 04 - DEWEY DECIMAL CLASSIFICATION NUMBER
Classification number 651.75
Item number POE
100 1# - MAIN ENTRY--PERSONAL NAME
Personal name Poe, Ann.
9 (RLIN) 8300
245 14 - TITLE STATEMENT
Title The McGraw-Hill handbook of more business letters /
Statement of responsibility, etc. Ann Poe
250 ## - EDITION STATEMENT
Edition statement Int. ed.
260 ## - PUBLICATION, DISTRIBUTION, ETC.
Place of publication, distribution, etc. N.Y. :
Name of publisher, distributor, etc. McGraw-Hill;
Place of publication, distribution, etc. Singapore :
Name of publisher, distributor, etc. McGraw-Hill Book Co,
Date of publication, distribution, etc. 1999
300 ## - PHYSICAL DESCRIPTION
Extent xix, 340 p. ;
Dimensions 24 cm.
440 ## - SERIES STATEMENT/ADDED ENTRY--TITLE
Title Genaral business administration series
9 (RLIN) 94446
590 ## - LOCAL NOTE (RLIN)
Local note Office services
650 #0 - SUBJECT ADDED ENTRY--TOPICAL TERM
Topical term or geographic name entry element Commercial correspondence
Form subdivision Handbooks, manuals, etc.
9 (RLIN) 14676
920 ## - Programme
Programme MC(USM) : 200265
921 ## - Programme
Programme GEN : 100828
Holdings
Withdrawn status Lost status Source of classification or shelving scheme Damaged status Not for loan Home library Current library Date acquired Total Checkouts Barcode Date last seen Date last checked out Copy number Uniform Resource Identifier Koha item type Public note
Withdrawn   Dewey Decimal Classification     Taylor's Library-TC Taylor's Library-TC 10/03/2009 7 5000059193 12/12/2019 29/07/2010 1   Main Collection GENxx,GENxx,02,GR
    Dewey Decimal Classification     Taylor's Library-TU Taylor's Library-TU 27/07/2004 5 5000035195 12/12/2019 20/04/2010 1 Floor 4, Shelf 22 , Side 1, TierNo 1, BayNo 6 Main Collection SOMAC,37004,02,GR